[Event "IND-ch 57th"]
[Site "Majitar"]
[Date "2019.12.14"]
[Round "6"]
[White "Mohammad, Nubairshah Shaikh"]
[Black "Vaibhav, Suri"]
[Result "0-1"]
[WhiteElo "2421"]
[BlackElo "2597"]
[Annotator "Vaibhav,Suri"]
[PlyCount "74"]
[EventDate "2019.12.10"]
[EventType "swiss"]
[EventRounds "11"]
[EventCountry "IND"]
[SourceTitle "CBM 193 Extra"]
[Source "ChessBase"]
[SourceDate "2020.01.31"]
[SourceVersion "1"]
[SourceVersionDate "2020.01.31"]
[SourceQuality "1"]

{[%evp 0,33,25,19,32,6,6,6,28,28,34,5,39,26,36,2,18,10,-15,-18,-12,-31,-38,-67,
-53,-53,-61,-43,-40,-33,-33,-39,14,-1,-10,-22]} 1. d4 Nf6 2. c4 e6 3. Nc3 Bb4
4. e3 O-O 5. Nge2 Re8 6. a3 Bf8 7. d5 {White's idea is to gain space in the
center and try to hamper Black's normal development at the same time. However,
it does have its own drawback related to dark squares.} (7. Ng3 {is the main
line} d5 8. Be2 b6 9. cxd5 exd5 10. O-O Bb7 11. b4 {leads to a typical pawn
structure arising from different variations of Queens Gambit} Nbd7 12. Qb3 c6
13. Bf3 a5 $5 14. b5 c5 15. Nxd5 a4 16. Qa2 Bxd5 17. Bxd5 Nxd5 18. Qxd5 cxd4
$132 {½-½ (53) Shankland,S (2671)-Ding,L (2778) Liaocheng 2018}) 7... a5 (
7... d6 8. g3 exd5 9. cxd5 c5 10. Bg2 (10. dxc6 bxc6 11. Bg2 d5 12. O-O Nbd7
$132) 10... Nbd7 {leads to some sort of a Benoni type pawn structure.}) 8. g3
Na6 9. Bg2 Nc5 10. b3 (10. O-O a4 {gives Black a solid bind:} 11. Qc2 d6 12.
Bd2 (12. e4 Bd7 (12... Ng4 $5) 13. h3 Nb3 14. Rb1 Nxc1 15. Nxc1 h5 $1 {Black
has a very comfortable position.}) 12... Bd7 13. dxe6 Bxe6 14. Nd5 c6 15. Nxf6+
Qxf6 16. Nd4 Bd7 {with equal chances.}) 10... exd5 11. cxd5 b6 $5 {Black
already has some initiative thanks to his more active pieces.} 12. O-O Ba6 13.
Ra2 (13. Bb2 Nd3 14. Qc2 Bc5 $5 $15 {preventing Rfd1} 15. Rad1 (15. Rfd1 $2
Nxf2 $19) 15... Nxb2 16. Qxb2 Qe7 {[%csl Ra3]}) 13... Nfe4 14. Nxe4 Nxe4 15.
Rc2 (15. Bb2 $6 Qg5 $1 $36) 15... c5 (15... a4 $1 {was a stronger alternative
to provoke some weakenesses on the queenside.} 16. bxa4 (16. b4 c5 17. dxc6 (
17. Bxe4 Rxe4 18. Nc3 Rxb4 $1 {The point.} 19. axb4 Bxf1 20. Qxf1 cxb4 21. Nb5
Rc8 $17 {[%csl Ga4,Gb4]}) 17... dxc6 18. Bb2 c5 $1) 16... Nc5 17. a5 bxa5 18.
Bb2 Bd3 19. Rc1 Qb8 $15) 16. a4 $2 {Gives Black very clear play on the
queenside with ...b5.} (16. dxc6 dxc6 17. Bb2 c5 18. Re1 Qe7 19. Nf4 Rad8 $15)
(16. Bb2 $1 {was more prudent to finish development and to start looking for
counterplay in the center.} b5 {[%cal Gb5b4]} (16... a4 $6 17. bxa4 $1) 17. Re1
b4 18. axb4 axb4 19. Nf4 {with equal chances and a normal middlegame position}
Qe7 (19... d6 $140 20. Ne6 $1) 20. h4 Bb5) 16... b5 17. f3 $2 {This move leads
to a further weakening of White's pawn structure.} (17. Bxe4 $1 {was the
lesser evil:} Rxe4 18. Nc3 Rb4 19. axb5 Bxb5 20. Nxb5 Rxb5 21. Rc3 Rab8 22. e4
{It seems White will lose the b3 pawn, but he does have some counterplay
resources against a5 pawn in the event of a liquidation on b3.} Qb6 23. Bf4 d6
$1 $15 (23... Rb7 24. Re1 Rxb3 25. Rxb3 Qxb3 26. Qxb3 Rxb3 27. Ra1 $11)) 17...
Nd6 18. Rf2 (18. e4 f5 $17 {Strong move which destroys White's central
formation.}) (18. Re1 b4 19. e4 f5 20. Nf4 c4 $1 $17) (18. axb5 Bxb5 {followed
by opening the position with ...c4 and ...a4.} 19. Re1 (19. Rf2 a4) 19... c4)
18... b4 $1 {Gaining more space on the queenside and preparing to open the
position with c4.} 19. Bf1 (19. e4 c4) 19... Qb6 (19... Rc8 $1 20. Nf4 (20. e4
f5) 20... c4 $19 {[%csl Rf4] The pin is immaterial as Black's next move is ...
Qb6. Black's pieces are dominating the position.} (20... Bxf1 21. Qxf1 Qb6 {
also deserved attention:} 22. Qd3 c4 23. bxc4 Nb7 24. Qd1 Nc5 25. Rb2 Qa6 $19)
21. e4 (21. bxc4 Nxc4) 21... Qb6) (19... c4 20. Nd4 c3 21. Bxa6 Rxa6 22. Rce2
Qb6 {Although Black still preserves huge advantage, it feels like White has
consolidated somewhat.}) 20. Nf4 (20. e4 f5 21. Be3 Rac8 $19) 20... Rac8 (20...
Bxf1 21. Qxf1 Rac8 {[%cal Gc5c4] with idea to open the position with c4.
White's pieces are grossly miscoordinated. also deserved attention:} 22. Qd3 (
22. e4 c4 23. bxc4 b3 24. Rc3 Qb4 25. Qd3 Nxc4 26. Rxb3 Ne5 $19) 22... c4 $1
23. bxc4 Nb7 {[%cal Gb7c5]} 24. Qd1 Nc5 25. Rb2 Qa6 $19 26. e4 Qxc4 $19 {
[%cal Gb4b3]}) 21. Bc4 Nxc4 (21... Bxc4 $5 22. bxc4 g6 {[%cal Gf8g7]} 23. Qd3 (
23. e4 Bg7 $19) 23... Bg7 24. Qb3 (24. Bb2 Bxb2 25. Rxb2 Qd8 $1 {[%cal Gf7f5,
Gd8f6]}) 24... Qd8 {[%cal Gf7f5]} 25. Bb2 f5 {[%csl Gd6,Rf4] Black still keeps
a huge advantage.}) 22. bxc4 Rb8 (22... b3 $6 23. Rc3 Qb4 24. Qxb3 Qxb3 25.
Rxb3 Rb8 (25... Bxc4 26. Rb7 $1) 26. Rb5 $5 Bxb5 27. axb5 {[%csl Gb5] gives
White long-term compensation.}) 23. Nd3 b3 $1 {Black needs to be very concrete
to break White's central pawn formation.} (23... g6 24. e4 b3 (24... Bg7 25.
Bb2) 25. Rc3 Bg7 26. Qd2 $1 {White seems to have consolidated somewhat, and
Black's task becomes a little more complicated.} f5 27. e5 Rxe5 $1 28. Nxe5
Bxe5 29. Bb2 Qf6 $15) 24. Rc3 Qf6 25. Qd2 $2 (25. Bb2 {was the most tenacious}
Rxe3 26. Rxb3 Rxb3 $1 (26... Qd8 27. Rxb8 Qxb8 28. Qc2 {and White consolidates
the c4-d5 bind.}) 27. Bxf6 Rexd3 28. Rd2 (28. Qa1 Bxc4 $19 {[%cal Gc4d5,Gd5f3]}
) 28... Rxd2 (28... Rxf3 29. Rf2 Rxf2 30. Kxf2 Bxc4 31. d6 $1 $13) 29. Qxd2
gxf6 30. Qf4 $1 {White gets some chances due to Black's vulnerable king,
though Black's material advantage still takes precedence.} Rb1+ 31. Kg2 d6 32.
Qg4+ Bg7) (25. Qe1 Rb4 $1 26. Nxb4 axb4 27. Rxb3 Bxc4 28. Rb1 Bxd5 29. e4 Bc6
$19) 25... Rxe3 $19 26. Bb2 Qh6 27. f4 $6 {Accelerates the process for Black,
but its hard to suggest anything useful.} (27. Kg2 Ree8 $19) (27. Qd1 Ree8 $19)
27... Re4 28. Ne5 d6 29. Nc6 Rbe8 {now White's king is a serious problem as
well} 30. Nxa5 (30. Rc1 Bxc4 31. Nxa5 Re2 $19) 30... Re1+ 31. Kg2 Bc8 $1 {
the final blow} 32. h4 (32. f5 Qxd2 33. Rxd2 R1e2+ $19) 32... Qh5 33. Rxb3 Qg4
34. f5 Bxf5 35. Qg5 Be4+ (35... Qh3+ {was more precise:} 36. Kf3 Qh1+ 37. Rg2 (
37. Kf4 Qe4#) 37... Rf1#) 36. Rff3 Bxf3+ 37. Rxf3 R1e2+ (37... R8e2+ {A decent
win which helped me bridge the gap with the tournament leader.}) 0-1

[Event "Tata Steel-A 75th"]
[Site "Wijk aan Zee"]
[Date "2013.01.22"]
[Round "9"]
[White "Sokolov, Ivan"]
[Black "Van Wely, Loek"]
[Result "0-1"]
[WhiteElo "2663"]
[BlackElo "2679"]
[Annotator "Van Wely,L"]
[PlyCount "78"]
[EventDate "2013.01.12"]
[EventType "tourn"]
[EventRounds "13"]
[EventCountry "NED"]
[EventCategory "20"]
[SourceTitle "CBM 153"]
[Source "ChessBase"]
[SourceDate "2013.03.14"]
[SourceVersion "1"]
[SourceVersionDate "2013.03.14"]
[SourceQuality "1"]

{In this tournament Ivan had a very hard time; not only did he screw up a
completely winning postion against Nakumura (on the other hand, who didn't)
but if he had won that game he would have played a different tournament.
Secondly a number of players decided to check him out in his pet line, the
e3-Nimzo, about which he just had written a book! Of course, to go hunting for
him in his pet line can be seen as pure provocation :)  The only thing I had
some doubts about, when I was preparing for Ivan was if I should buy his book
or not... Imagine I am seen while buying his book, it would reveal my true
intentions. Also I have to admit that my ego prevented me from buying it, like
hmm, do I really need this? My analysis should be better! On the other hand,
clever people (I am not one of them), buy the book in a sneaky way and get a
peek into Ivan's kitchen. Anyway this time I didn't get punished for my ego
and for having balls...} 1. d4 Nf6 2. c4 e6 3. Nc3 Bb4 4. e3 O-O 5. Nge2 ({
Later in the tournament Ivan tried} 5. Bd3 {against Peter Leko, but of course,
Peter is Peter, he is not me or Ivan, I am sure he has enough stuff ready on
the e3-Nimzo to publish some updates on Ivan's book. And as expected Peter
proved himself very well prepared:} c5 6. Nf3 d5 7. O-O cxd4 8. exd4 dxc4 9.
Bxc4 b6 10. Bg5 Bb7 11. Rc1 h6 12. Bh4 Nc6 13. Bd3 Rc8 14. Bb1 Be7 15. Re1 Nh5
$1 16. Qc2 g6 17. Rxe6 Nf4 $1 18. Rxe7 Nxe7 19. Qd2 g5 20. Ne5 Neg6 21. Nxg6
fxg6 22. Bg3 Nxg2 23. Qc2 Qf6 24. Be5 Qf7 25. a3 Nh4 26. Ba2 Qxa2 $1 {0-1
Sokolov-Leko Wijk aan Zee 2013}) 5... d5 6. a3 Be7 7. cxd5 exd5 8. h3 $6 {
In my opinion a dubious setup. Ivan was surprised by my opening choice, so he
was trying to avoid my preparation. Unfortunately for him I had checked this
line pretty well, and came across a game of Mickey Adams who seems to
understand this kind of postions pretty well.} a5 {I am not sure this move is
necessary, at least Mickey Adams omitted it.} 9. g4 c6 10. Bg2 Na6 11. b3 Nc7
12. Ra2 Nfe8 $1 {The point, many players would have played ...Re8
automatically, only later realising they have no counterplay.} 13. O-O f5 14.
Ng3 Nd6 15. f3 Bh4 16. Nh5 Ne6 17. Ne2 {Strategically I already considered
myself as being winning, however now I am at a crossroads.} Qe8 (17... a4 $1 {
I had seen this possibility, however I wasn't sure I should open a second
front. From history we have learned to win a war on 2 fronts is very hard! Of
course, my knight would get access to c4, however pressure on both b7 and the
a2-g8 diagonal stopped my from playing this. On the other hand I allow White
now to annoy me a bit with a4-Ba3.}) ({The same goes for} 17... b6 {the idea
of putting a bishop on a6 looks nice, however White gets counterplay on c6 too.
}) 18. a4 g6 (18... Nc7 {looked nice, with the idea for using the free
b4-square now with Na6-Nb4.} {but} 19. Qd2 {stops ...Na6 for a while because
a5 is hanging and defends e3 and prepares Ba3 next anyway.}) 19. Ba3 {Of
course, I was not happy to get into this pin, however White's knights are
going to be pretty miserable.} Qe7 20. Nhg3 Ng5 ({After} 20... f4 {I couldn't
really evaluate what was going on after} 21. e4 (21. exf4 Nxf4 22. Nxf4 Rxf4
23. Ne2 Rf7 24. Nc1 {is probably also not so much}) 21... Bxg3 22. e5 Qh4 23.
Bxd6 Rf7 24. Nxg3 fxg3 25. f4 Ng7 {and with h5 coming up next, Black is
threatening to crush White's pawn phalanx, however as you can see, suddenly we
have a completely different type of position} (25... Nxf4 $5 26. e6 Nxe6 27.
Rxf7 Kxf7 28. Qe1 {and White is more than ok}) 26. Rf3 h5 27. e6 $1 Bxe6 28. f5
hxg4 29. Bxg3 Qg5 30. hxg4 gxf5 31. Bf4 $1 Qxg4 32. Kh1 {Once again the nature
of the position has changed, and although Black is 2 pawns up, I don't fancy
his chances.}) 21. Qc1 Bd7 22. gxf5 gxf5 (22... Bxf5 $142 $1 23. e4 $2 (23.
Nxf5 Rxf5 24. f4 Ngf7) 23... Bxh3 24. e5 Qd7 $1) 23. Nh5 Kh8 24. Nef4 Be8 25.
Kh2 $6 {I don't know why Ivan liked to put his king on h2. Later, because of
the white king being on h2 Black had some extra tactical possibilities.} (25.
Kh1) 25... Rg8 $6 (25... Bxh5 $142 26. Nxh5 Rad8) 26. e4 $1 {Now things are
getting complicated, and being short of time, I was not very happy how things
were going. Also this is a type of position in which Ivan is in his element.}
Bxh5 {Maybe not a bad move, but I don't like it, good or bad.} (26... fxe4 {
had to be played} 27. fxe4 Ngxe4 28. Bxe4 dxe4 29. d5 $1 {looks scary but after
} h6 30. Ne6 (30. dxc6 bxc6 31. Qc5 Rd8) 30... Kh7 31. Qf4 cxd5 32. Nf6+ Qxf6
33. Qxf6 Bxf6 34. Rxf6 Nf7 {everything seems to be under control.}) 27. Nxh5
Ne6 $2 (27... Ngf7 $1 {would have saved Black, unfortunately I got greedy and
wanted the same postion with a knight on e6 :)} 28. e5 Qg5 29. Qxg5 Rxg5 30.
Nf6 Ne8) (27... fxe4 28. fxe4 Ngxe4 29. Bxe4 dxe4 30. d5 Rg6 (30... Qe5+ 31.
Qf4 $1 Qxh5 (31... Qxf4+ 32. Rxf4) 32. Bb2+ Rg7 33. Qf8+ Rxf8 34. Rxf8#) 31.
dxc6 bxc6 32. Qxc6 Rd8 33. Qd5 h6 $16) 28. exd5 cxd5 29. Re2 {Not bad, but not
so precise, now Black has more options.} ({During the game I got very worried
about} 29. Qe3 Rad8 (29... Ng7 30. Qxe7 Bxe7 31. Re2 Bg5 32. f4 $1) 30. Re2
Rge8 31. f4) 29... Qd7 30. Qe3 Ng7 $2 ({Probably after both} 30... Rae8 31.
Qe5+ Ng7 32. Bxd6 Rxe5 33. Bxe5 f4 34. Rc2 Qf7) ({and} 30... Rg6 {the worst is
over for Black.}) 31. Nf4 $4 {Ivan played this very quickly, hoping to be able
to execute some cheap trick. However he could have won in a more conventional
way:} (31. Qf4 $1 Nxh5 32. Qxh4 Ng7 33. Re5 $18) 31... Nf7 $1 {But now
suddenly Black is very well coordinated and White will have problems with the
h2-b8 and the c1-h6 diagonals.} (31... Rae8 $4 32. Ng6+ hxg6 33. Qh6#) 32. Qc3
$2 {The disapointment of ...Nf7 I guess, and Ivan, also now short of time, is
unable to recover from that.} (32. Nd3 $142 f4 $1 33. Qxf4 Nf5 {with a very
nasty initiative.}) 32... Rgc8 (32... Bg3+ $1 {I had seen that, but I missed
some details.} 33. Kxg3 Nh5+ 34. Kh2 Nxf4 35. Re7 (35. Ref2 Nxg2 36. Rxg2 Rxg2+
37. Kxg2 f4 {with a winning attack}) 35... Rxg2+ 36. Kh1 Qd8 37. Qe3 (37. Rxf7
Qh4) 37... Re2 $1) 33. Qd2 Bg5 34. h4 $8 Bxh4 35. Bh3 $2 {Collapsing, Ivan
wasn't able to put up the tough resistance which is normally his trademark.} (
35. Nd3 $8 Nh5) 35... Bg5 {Happy to get back there!} 36. Rg1 Qc7 (36... Rc6)
37. Rxg5 Nxg5 38. Kg2 Qc6 39. Nd3 Qh6 0-1